| 000 | 00923cam a2200301 4500 | ||
|---|---|---|---|
| 001 | 279111 | ||
| 003 | ARRUPE | ||
| 005 | 20131121144141.0 | ||
| 008 | 841129s1968 mauach b 000 0beng | ||
| 010 | _a 68012779 | ||
| 035 | _a(OCoLC)371525 | ||
| 035 | _a(OCoLC)ocm00371525 | ||
| 035 | _a(CStRLIN)NYCG84-B84053 | ||
| 035 | _a(NNC)279111 | ||
| 040 |
_dNNC _cyhgyj |
||
| 050 | 0 |
_aPR6005.A77 _bZ66 |
|
| 082 |
_a823/.9/12 _aB |
||
| 090 |
_aPR6005.A77 _bZ66 |
||
| 100 | 1 |
_aFoster, Malcolm. _93610 |
|
| 245 | 1 | 0 |
_aJoyce Cary, _ba biography. |
| 260 |
_aBoston, _bHoughton Mifflin Co., _c1968. |
||
| 300 |
_axviii, 555 p. _billus., facsim., ports. _c24 cm. |
||
| 500 | _a"A Houghton Mifflin literary fellowship book." | ||
| 504 | _aBibliographical references included in "Notes" (p. [523]-540 Bibliography: p. [541]-542. | ||
| 600 | 1 | 0 |
_aCary, Joyce, _d1888-1957. _93611 |
| 942 |
_2lcc _cMONOGRAPH |
||
| 999 |
_c118619 _d118619 |
||